[Event "	Ryaad Aabid	1958"]
[Site "http://www.queenalice.com/game.php?id=1582658"]
[Date "2019.9.6"]
[Round "-"]
[White "zubarev"]
[Black "Frankone"]
[Result "1-0"]
[WhiteElo "1759"]
[BlackElo "1549"]

1. d4 d5 2. Nc3 Nf6 3. Nf3 h6 4. e3 a6 5. Bd3 e6 6. O-O Bd6 7. Ne5 O-O 8. Bd2 g5
9. f4 Nc6 10. Qf3 Nb4 11. fxg5 hxg5 12. Qxf6 Qxf6 13. Rxf6 Kg7 14. Ng4 e5 15.
dxe5 Be7 16. a3 Nc6 17. Rxc6 bxc6 18. Nf2 Rb8 19. Rb1 f6 20. exf6+ Rxf6 21. Na4
Bxa3 22. Bc3 Bb4 23. Bxf6+ Kxf6 24. e4 Ba3 25. exd5 cxd5 26. Nc3 Bxb2 27. Ncd1
c5 28. Rxb2 Bb7 29. Bxa6 d4 30. Rxb7 Re8 31. Kf1 Ra8 32. Bd3 Ra1 33. Rb5 1-0

[Event "Jakob Aabling 	1979 - 2002"]
[Site "http://www.queenalice.com/game.php?id=1582659"]
[Date "2019.9.6"]
[Round "-"]
[White "Frankone"]
[Black "zubarev"]
[Result "0-1"]
[WhiteElo "1511"]
[BlackElo "1841"]

1. e4 e5 2. Nf3 Nc6 3. c3 Be7 4. Bc4 Nf6 5. O-O d6 6. d3 O-O 7. h3 Be6 8. Qb3
Na5 9. Qa4 b6 10. b4 Nb7 11. Ba6 Rb8 12. Qc6 Bc8 13. g4 Ne8 14. Be3 Qd7 15. b5
Qe6 16. Ng5 Qg6 17. f4 exf4 18. Bxf4 Bxg5 19. Bxg5 Qxg5 20. Qc4 Qe3+ 21. Kg2 h5
22. gxh5 Bxh3+ 23. Kh2 Bxf1 24. Qd5 Qf2+ 25. Kh1 Qg2# 0-1

[Event "Challenge"]
[Site "http://www.queenalice.com/game.php?id=1582978"]
[Date "2019.9.10"]
[Round "-"]
[White "Frankone"]
[Black "cdare"]
[Result "0-1"]
[WhiteElo "1521"]
[BlackElo "1848"]

1. e4 e5 2. Nf3 Nc6 3. Nc3 Nf6 4. a3 Bc5 5. b4 Bb6 6. b5 Nd4 7. Nxe5 d6 8. Nc4
Bc5 9. h3 O-O 10. Bd3 Be6 11. O-O Qe8 12. f4 Nxc2+ 13. Rf2 Bxf2+ 14. Kxf2 Nxa1
15. Bb2 Bxc4 16. Bxc4 Nxe4+ 17. Nxe4 Qxe4 18. Bxa1 Qxc4 19. Qb1 Qxf4+ 20. Ke1
Rfe8+ 21. Kd1 Qf1+ 22. Kc2 Qc4+ 23. Bc3 Qa4+ 24. Qb3 Qe4+ 25. Kd1 Re6 26. d3
Qxg2 27. h4 Qf1+ 28. Kc2 Rae8 29. Ba5 b6 30. Bd2 Re2 31. Qb1 Rxd2+ 0-1

[Event "Challenge"]
[Site "http://www.queenalice.com/game.php?id=1584250"]
[Date "2019.9.22"]
[Round "-"]
[White "obobo"]
[Black "Frankone"]
[Result "0-1"]
[WhiteElo "1391"]
[BlackElo "1541"]

1. e3 e5 2. Nf3 Nc6 3. Bc4 d5 4. Bb5 f6 5. c3 Bf5 6. d4 a6 7. Ba4 Qd7 8. Nbd2 b5
9. Bb3 h5 10. Bc2 e4 11. h3 Bd6 12. g4 hxg4 13. Nh2 gxh3 14. Nb3 g5 15. f3 Bg3+
16. Ke2 exf3+ 17. Nxf3 Nh6 18. Nc5 Qc8 19. Rg1 h2 20. Rxg3 Bxc2 21. Qxc2 h1=Q
22. Rg1 Qhh3 23. Qg6+ Nf7 24. Qc2 g4 25. Nd2 Qh2+ 26. Kd3 Qf5+ 0-1

[Event "Challenge"]
[Site "http://www.queenalice.com/game.php?id=1584251"]
[Date "2019.9.22"]
[Round "-"]
[White "Frankone"]
[Black "obobo"]
[Result "1-0"]
[WhiteElo "1508"]
[BlackElo "1403"]

1. e4 e5 2. Nf3 Nc6 3. Bc4 d6 4. O-O Nf6 5. c3 Nxe4 6. d3 Nf6 7. h3 Bf5 8. Nh4
Be7 9. Nxf5 O-O 10. Be3 e4 11. dxe4 g6 12. Nh6+ Kh8 13. Nxf7+ Kg8 14. Nxd8+ Kg7
15. Ne6+ Kg8 16. Nxc7+ Kh8 17. Nxa8 Rxa8 18. f3 Na5 19. Bf7 Kg7 20. b4 Kxf7 21.
bxa5 Bd8 22. Qb3+ Kg7 23. Qxb7+ 1-0

[Event "Challenge"]
[Site "http://www.queenalice.com/game.php?id=1585810"]
[Date "2019.10.5"]
[Round "-"]
[White "Frankone"]
[Black "dejami"]
[Result "0-1"]
[WhiteElo "1528"]
[BlackElo "1765"]

1. e4 e5 2. Bc4 d6 3. Qf3 Be6 4. Bd3 Nf6 5. c4 Bg4 6. Qg3 h5 7. b4 h4 8. Qe3 Nh5
9. g3 h3 10. f3 Bd7 11. a4 Nf6 12. Nc3 Nc6 13. b5 Nd4 14. Ba3 g6 15. O-O-O Nb3+
16. Kb1 a6 17. Kb2 Nd4 18. f4 axb5 19. cxb5 b6 20. fxe5 dxe5 21. Qg5 Rh5 22. Qe3
Ng4 23. Qe1 Be6 24. Rb1 Bxa3+ 25. Kxa3 Qe7+ 26. Kb2 Qf6 27. Be2 Qe7 28. Bf1 Qb4+
29. Kc1 Qc5 30. Kd1 Nf6 31. d3 Bg4+ 32. Nge2 Nf3 33. d4 exd4 34. Qf2 dxc3 35.
Qxc5 Rxc5 36. Kc2 Nxe4 37. Nxc3 Nxc3 38. Bd3 Nxa4+ 39. Kd1 Ne5+ 40. Kd2 Rd8 41.
Rb3 Nc4+ 42. Kc2 Na5+ 43. Kd2 Nc4+ 44. Kc2 Na5+ 0-1

[Event "Challenge"]
[Site "http://www.queenalice.com/game.php?id=1585811"]
[Date "2019.10.5"]
[Round "-"]
[White "dejami"]
[Black "Frankone"]
[Result "1-0"]
[WhiteElo "1691"]
[BlackElo "1551"]

1. e4 e5 2. Bc4 Nf6 3. d3 Bc5 4. h3 O-O 5. Qf3 d6 6. g4 h6 7. g5 hxg5 8. Bxg5 a6
9. Qg2 Bd4 10. c3 b5 11. Bd5 c6 12. Bb3 c5 13. cxd4 cxd4 14. Bd1 Nc6 15. a3 g6
16. h4 Kg7 17. h5 Qe8 18. h6+ Kh7 19. Bxf6 Ne7 20. Nf3 d5 21. Ng5+ Kg8 22. h7#
1-0

[Event "Challenge"]
[Site "http://www.queenalice.com/game.php?id=1587635"]
[Date "2019.10.22"]
[Round "-"]
[White "cdare"]
[Black "Frankone"]
[Result "1-0"]
[WhiteElo "1838"]
[BlackElo "1508"]

1. e4 e5 2. Nf3 Nc6 3. Nc3 Nf6 4. Bc4 Bc5 5. O-O O-O 6. d3 h6 7. a3 a6 8. Qe1 g5
9. h3 d6 10. b4 Nxb4 11. axb4 Bxb4 12. Bd2 c6 13. Ne2 a5 14. Bxb4 Be6 15. Bxa5
b6 16. Bxb6 Qxb6 17. Bxe6 fxe6 18. Nh2 Ra7 19. Ng3 Rfa8 20. Rxa7 Rxa7 21. Qd1 d5
22. Ng4 Nxg4 23. Qxg4 Kf7 24. Qh5+ Kg7 25. Qe8 c5 26. Nh5+ Kh7 27. Nf6+ Kg7 28.
Ng4 h5 29. Qxh5 Qd8 30. Nxe5 Rc7 31. Qg6+ Kf8 32. Qh6+ Rg7 33. Ng6+ Kg8 34. Qh8+
Kf7 35. Qxd8 Rxg6 36. exd5 exd5 37. Qxd5+ Re6 38. Re1 1-0

[Event "Challenge"]
[Site "http://www.queenalice.com/game.php?id=1593188"]
[Date "2019.12.16"]
[Round "-"]
[White "eduardocosta"]
[Black "Frankone"]
[Result "1-0"]
[WhiteElo "1656"]
[BlackElo "1518"]

1. e3 e5 2. Be2 d5 3. Nf3 f6 4. b3 g5 5. Bb2 Bc5 6. d4 Bb4+ 7. c3 Ba5 8. O-O h5
9. dxe5 g4 10. Nh4 Ne7 11. exf6 Nec6 12. c4 dxc4 13. f7+ Kxf7 14. Bxc4+ Be6 15.
Bxe6+ Kxe6 16. Ng6 Rg8 17. Nf4+ Kf7 18. Qc2 Rg5 19. Qc4+ Ke7 20. Na3 Rg7 21.
Bxg7 Bb4 22. Nxh5 Bxa3 23. Bf6+ Ke8 24. Bxd8 Kxd8 25. Rfd1+ Bd6 26. Qg8+ Kd7 27.
Qf7+ Kd8 28. Rxd6+ cxd6 29. Qxb7 Na5 30. Qxa8 Nc6 31. Qb7 d5 32. Rd1 1-0

[Event "Challenge"]
[Site "http://www.queenalice.com/game.php?id=1601648"]
[Date "2020.3.4"]
[Round "-"]
[White "Frankone"]
[Black "cdare"]
[Result "0-1"]
[WhiteElo "1494"]
[BlackElo "1817"]

1. e4 e5 2. Nf3 Nc6 3. Bc4 Bc5 4. O-O Nf6 5. c3 d6 6. b4 Bb6 7. d3 h6 8. h3 O-O
9. Be3 Bxe3 10. fxe3 a6 11. a4 Bd7 12. g4 Nh7 13. d4 Ng5 14. Kg2 Nxf3 15. Rxf3
Ne7 16. Ra2 Ng6 17. Rff2 Qe7 18. Kf1 Qh4 19. Rf3 Qe7 20. d5 Nh4 21. Rff2 Qg5 22.
Qe1 Qg6 23. a5 Qxe4 24. Nd2 Qh1+ 25. Ke2 Qxh3 26. Kd1 Bxg4+ 27. Be2 Bxe2+ 28.
Qxe2 Qh1+ 29. Rf1 Qxd5 30. Ra3 c5 31. c4 Qc6 32. Rb3 b6 33. Ne4 Qxe4 34. Rc3
bxa5 35. bxa5 Rab8 36. Rd3 Qxc4 37. Rxd6 Rb1+ 38. Kd2 Rb2+ 0-1

[Event "Challenge"]
[Site "http://www.queenalice.com/game.php?id=1607819"]
[Date "2020.4.16"]
[Round "-"]
[White "eduardocosta"]
[Black "Frankone"]
[Result "1-0"]
[WhiteElo "1639"]
[BlackElo "1505"]

1. e3 d5 2. b3 e5 3. Nf3 f6 4. Ba3 Bf5 5. Bxf8 Kxf8 6. Nh4 g6 7. Nc3 a6 8. Nxf5
gxf5 9. Qh5 Ne7 10. Qh6+ Kf7 11. Qh5+ Ke6 12. Qe2 1-0

[Event "Challenge"]
[Site "http://www.queenalice.com/game.php?id=1608105"]
[Date "2020.4.18"]
[Round "-"]
[White "cdare"]
[Black "Frankone"]
[Result "1-0"]
[WhiteElo "1820"]
[BlackElo "1491"]

1. e4 e5 2. Nf3 f6 3. Nxe5 fxe5 4. a3 Nf6 5. Nc3 Bc5 6. Bc4 a6 7. d3 b5 8. Ba2
c6 9. O-O h6 10. Qe1 g5 11. b4 Bd6 12. Be3 a5 13. h3 axb4 14. axb4 Bxb4 15. Bd2
d6 16. Ne2 Ba3 17. Bb3 b4 18. Bxb4 c5 19. Bxa3 Nc6 20. Qc3 Ba6 21. f3 Rb8 22.
Ng3 Rg8 23. Ba4 Rc8 24. Qb3 Rf8 25. Nf5 h5 26. Bxc6+ Rxc6 27. Qe6+ Qe7 28. Qxe7#
1-0

[Event "Challenge"]
[Site "http://www.queenalice.com/game.php?id=1627741"]
[Date "2020.9.22"]
[Round "-"]
[White "cdare"]
[Black "Frankone"]
[Result "1-0"]
[WhiteElo "1748"]
[BlackElo "1518"]

1. e4 e5 2. Nf3 d6 3. h3 h6 4. Nc3 a6 5. Bc4 c6 6. d3 b5 7. Bb3 g5 8. Nh2 Nf6 9.
f3 Be7 10. Be3 O-O 11. O-O b4 12. Na4 a5 13. a3 Ba6 14. Bb6 Qc8 15. Re1 Nbd7 16.
Qd2 Qb8 17. Bxa5 Nh5 18. Bxb4 Ng3 19. Qf2 Nh5 20. Ng4 Kg7 21. Nc3 Nf4 22. Ne2 h5
23. Nxf4 gxf4 24. Nh2 c5 25. Bc3 f6 26. Bd5 Ra7 27. b4 cxb4 28. Bxb4 Nb6 29. Be6
Na4 30. Kh1 Nb2 31. Bb3 f5 32. Bc3 Rc7 33. Bxb2 Qd8 34. Qd2 Bb7 35. Bc3 h4 36.
Ba5 Rxc2 37. Bxc2 Qc8 38. Rec1 Qc5 39. Ba4 Qd4 40. Bb3 Bg5 41. Bc3 Qe3 42. Be6
fxe4 43. dxe4 Qxd2 44. Bxd2 Bd8 45. Bb4 Rf6 46. Bf5 d5 47. Ng4 d4 48. Nxf6 Kxf6
49. Bd7 d3 50. Bb5 Bxe4 51. fxe4 1-0

[Event "Challenge"]
[Site "http://www.queenalice.com/game.php?id=1627742"]
[Date "2020.9.22"]
[Round "-"]
[White "Frankone"]
[Black "cdare"]
[Result "0-1"]
[WhiteElo "1488"]
[BlackElo "1741"]

1. e4 e5 2. Nf3 Nc6 3. c3 a6 4. Bc4 Bc5 5. O-O Nf6 6. a3 d6 7. Ng5 O-O 8. b4 Ba7
9. h3 h6 10. Nf3 Nxe4 11. d3 Nf6 12. Nbd2 Bf5 13. Nh4 Bh7 14. b5 axb5 15. Bxb5
Ne7 16. g3 Nf5 17. Nc4 Nxh4 18. gxh4 Nd5 19. Bb2 Qxh4 20. Kg2 Nf4+ 21. Kg1 Qxh3
22. Ne3 Bxe3 23. Qh5 Qg2# 0-1

[Event "Challenge"]
[Site "http://www.queenalice.com/game.php?id=1635893"]
[Date "2020.12.9"]
[Round "-"]
[White "Carlos19"]
[Black "Frankone"]
[Result "0-1"]
[WhiteElo "1414"]
[BlackElo "1493"]

1. e4 e5 2. Nf3 Nc6 3. Nc3 h6 4. Bc4 a6 5. d3 g5 6. O-O d6 7. h3 f5 8. Re1 Nf6
9. Nd5 b5 10. Bb3 f4 11. c4 Bg7 12. a4 a5 13. Nxf6+ Bxf6 14. axb5 Nb4 15. Ba4
O-O 16. Bd2 Nxd3 17. Re2 Nxb2 18. Qb3 Nxa4 19. Rxa4 c5 20. bxc6 Qc7 21. c5+ Rf7
22. cxd6 Qxc6 23. Qd5 Bb7 24. Qxc6 Bxc6 25. Rc4 Bb5 26. Rc7 Bxe2 27. Rc3 a4 28.
Bc1 Rb8 29. Ba3 Rb3 30. Rc8+ Rf8 31. d7 Rxa3 32. Nxe5 Bh5 33. g3 Ra1+ 34. Kg2
Rd1 35. gxf4 gxf4 36. Rc6 Bxe5 37. Rxh6 Bf7 38. f3 Rxd7 39. h4 Rd6 40. Rxd6 Bxd6
41. Kh3 Bh5 42. Kg2 a3 0-1

[Event "Challenge"]
[Site "http://www.queenalice.com/game.php?id=1636547"]
[Date "2020.12.15"]
[Round "-"]
[White "Frankone"]
[Black "cdare"]
[Result "0-1"]
[WhiteElo "1528"]
[BlackElo "1770"]

1. e4 e5 2. Nf3 Nc6 3. Bc4 Bc5 4. c3 Nf6 5. d3 h6 6. h3 d6 7. a4 a6 8. g4 O-O 9.
g5 Nh7 10. b4 Ba7 11. Na3 Nxg5 12. h4 Nxf3+ 13. Qxf3 Qe8 14. h5 Be6 15. Qg3 Kh7
16. Rg1 Rg8 17. Bd2 Bxc4 18. Nxc4 f6 19. b5 Ne7 20. bxa6 bxa6 21. f4 Bxg1 22.
Qxg1 Qxh5 23. Qf2 Qh1+ 24. Qf1 Qxf1+ 25. Kxf1 Rab8 26. d4 exd4 27. cxd4 Rge8 28.
d5 Ng6 29. Re1 Nh4 30. Kf2 g5 31. Ba5 Rec8 32. e5 fxe5 33. fxe5 Rf8+ 34. Ke2
dxe5 35. Bxc7 Rbc8 36. d6 Nf5 37. Nb6 Nd4+ 38. Ke3 Nc2+ 39. Ke2 Nxe1 40. Kxe1
Kg7 41. Nxc8 Rxc8 42. d7 Rg8 43. Bxe5+ Kf7 44. Bc7 Ke7 45. d8=Q+ Rxd8 46. Be5
Re8 47. Bg7 Kf7+ 48. Kd2 Kxg7 0-1

[Event "Challenge"]
[Site "http://www.queenalice.com/game.php?id=1640925"]
[Date "2021.1.22"]
[Round "-"]
[White "Frankone"]
[Black "Carlos19"]
[Result "1-0"]
[WhiteElo "1506"]
[BlackElo "1409"]

1. e4 e5 2. Nf3 Nc6 3. Bc4 d6 4. Ng5 Qxg5 5. g3 Nf6 6. d3 Qg4 7. Qxg4 Nxg4 8. c3
Be7 9. h3 Nf6 10. b4 a6 11. Na3 b5 12. Bd5 O-O 13. Bxc6 Rb8 14. Bd2 h6 15. Be3
Bb7 16. Bxb7 Rxb7 17. Nc2 c6 18. a4 d5 19. f3 dxe4 20. dxe4 Ra8 21. a5 Rd7 22.
Ke2 g5 23. Rhg1 Rc8 24. h4 g4 25. Bxh6 gxf3+ 26. Ke3 c5 27. Bg5 cxb4 28. Rad1
bxc3 29. Bxf6 Bxf6 30. Rxd7 Bg5+ 31. hxg5 Kg7 32. Kxf3 Kg6 33. g4 Rf8 34. Rd6+
Kxg5 35. Ke3 f6 36. Rxa6 Rb8 37. Ne1 b4 38. Nf3+ Kg6 39. Nxe5+ Kg5 40. Rb6 Rxb6
41. axb6 c2 42. b7 1-0

[Event "Challenge"]
[Site "http://www.queenalice.com/game.php?id=1643718"]
[Date "2021.2.16"]
[Round "-"]
[White "Frankone"]
[Black "Juicepockets"]
[Result "0-1"]
[WhiteElo "1528"]
[BlackElo "1472"]

1. e4 e5 2. Nf3 f6 3. Bc4 d5 4. exd5 e4 5. Nd4 c6 6. Qe2 cxd5 7. Bb5+ Ke7 8. d3
Qa5+ 9. c3 Kd6 10. b4 Qd8 11. Bf4+ Ke7 12. dxe4 Bd7 13. exd5+ Kf7 14. d6 Qe8 15.
Bc4+ Kg6 16. O-O Nc6 17. Qd3+ Kh5 18. h3 g5 19. Nf3 gxf4 20. g4+ Kh6 21. b5 Ne5
22. Qe4 Nxc4 23. Qxf4+ Kg6 24. Nh4+ Kg7 25. Qxc4 Bxd6 26. Nd2 Rc8 27. Qd5 Qe5
28. Qxb7 Qh2# 0-1

[Event "Challenge"]
[Site "http://www.queenalice.com/game.php?id=1643719"]
[Date "2021.2.16"]
[Round "-"]
[White "Juicepockets"]
[Black "Frankone"]
[Result "0-1"]
[WhiteElo "1532"]
[BlackElo "1511"]

1. e4 e5 2. d4 d6 3. dxe5 dxe5 4. Nc3 Nf6 5. Nf3 c6 6. Nxe5 h5 7. Bc4 Be6 8. b3
Bb4 9. Bb2 O-O 10. g4 Qc7 11. f4 Bxg4 12. Nxg4 hxg4 13. h3 Qxf4 14. hxg4 Qg3+
15. Ke2 Qxg4+ 16. Ke3 Bc5+ 17. Kd3 Rd8+ 18. Nd5 Qg3+ 19. Kd2 cxd5 20. Qe1 Nxe4+
21. Ke2 Qg4+ 22. Kd3 Qf3+ 23. Qe3 Qxe3# 0-1

[Event "Challenge"]
[Site "http://www.queenalice.com/game.php?id=1644729"]
[Date "2021.2.25"]
[Round "-"]
[White "cdare"]
[Black "Frankone"]
[Result "1-0"]
[WhiteElo "1820"]
[BlackElo "1522"]

1. e4 e5 2. Nf3 Nc6 3. Nc3 Bc5 4. Bc4 Nf6 5. d3 d6 6. h3 a6 7. a3 h6 8. O-O O-O
9. b4 Bd4 10. Nxd4 Nxd4 11. Be3 b5 12. Ba2 g5 13. f3 c6 14. Ne2 Nxe2+ 15. Qxe2
d5 16. Bc5 Re8 17. Rad1 Be6 18. Qf2 d4 19. Bxe6 fxe6 20. Qg3 Nh5 21. Qxe5 a5 22.
Bxd4 axb4 23. axb4 Ra4 24. c3 Re7 25. Qh8+ Kf7 26. Qxh6 Nf4 27. Bf6 Nxd3 28.
Qg7+ Ke8 29. Qg8+ Kd7 30. Rxd3+ 1-0

[Event "Challenge"]
[Site "http://www.queenalice.com/game.php?id=1758416"]
[Date "2021.5.4"]
[Round "-"]
[White "Frankone"]
[Black "cdare"]
[Result "0-1"]
[WhiteElo "1518"]
[BlackElo "1784"]

1. e4 e5 2. Nf3 Nc6 3. Bc4 Bc5 4. a3 Nf6 5. Ng5 O-O 6. O-O d6 7. h3 Bd7 8. c3 h6
9. Nf3 a6 10. h4 Nxe4 11. d4 exd4 12. cxd4 Bb6 13. Re1 Nf6 14. d5 Ne7 15. Bf4
Ng6 16. g3 Nxf4 17. gxf4 Bg4 18. Be2 Ne4 19. Bd3 Bxf2+ 20. Kg2 Bxe1 21. Qxe1 Nc5
22. Qd1 Nxd3 23. Qxd3 Bxf3+ 24. Kxf3 Qxh4 25. Nd2 Qh3+ 26. Ke2 Rfe8+ 27. Ne4
Qg2+ 28. Ke1 Qg1+ 0-1

[Event "Challenge"]
[Site "http://www.queenalice.com/game.php?id=1762313"]
[Date "2021.6.17"]
[Round "-"]
[White "cdare"]
[Black "Frankone"]
[Result "0-1"]
[WhiteElo "1822"]
[BlackElo "1513"]

1. e4 e5 2. Nf3 Nc6 3. Nc3 Nf6 4. d3 a6 5. Be2 Bc5 6. O-O O-O 7. Bg5 h6 8. Bxf6
gxf6 9. Qc1 Kg7 10. a3 d6 11. h3 Be6 12. Nh2 Nd4 13. Bg4 c6 14. Bxe6 fxe6 15.
Ng4 h5 16. Qh6+ Kf7 17. Qxh5+ Ke7 18. Rac1 Rh8 19. Qg6 Rf8 20. Kh1 d5 21. Rfe1
b5 22. b4 Bb6 23. Ne2 c5 24. Nxd4 exd4 25. f4 a5 26. Nh6 axb4 27. axb4 cxb4 28.
Rb1 Bc7 29. f5 dxe4 30. dxe4 Qd6 31. g3 Qxg3 32. Qxg3 Bxg3 33. Re2 Rh8 34. Rg2
Ra3 35. Ng4 exf5 36. exf5 Rxh3+ 37. Kg1 Rh4 38. Nf2 Bf4 39. Nd3 Be3+ 40. Nf2 Rc3
41. Rxb4 Rxc2 42. Rxb5 Rc1# 0-1

[Event "Challenge"]
[Site "http://www.queenalice.com/game.php?id=1769959"]
[Date "2021.9.16"]
[Round "-"]
[White "Frankone"]
[Black "cdare"]
[Result "0-1"]
[WhiteElo "1534"]
[BlackElo "1761"]

1. e4 e5 2. Nf3 Nc6 3. Bc4 Bc5 4. d3 h6 5. a3 Nf6 6. O-O d6 7. h3 O-O 8. b4 Bb6
9. g4 Nh7 10. c3 Qe8 11. a4 a6 12. b5 axb5 13. Bxb5 Bd7 14. Nh4 Qe7 15. d4 Qxh4
16. Kg2 Ng5 17. Bxg5 Qxg5 18. f3 Qd8 19. Nd2 f6 20. Bc4+ Kh8 21. Qc2 exd4 22.
cxd4 Nxd4 23. Qc3 Be6 24. Bd3 c5 25. Bc4 Bxc4 26. Nxc4 Ba5 27. Nxa5 Rxa5 0-1